Les 50 personnages apparaissant le plus dans My Hero Academia - Statistiques

Statistiques générales
  • Ce quiz a été pris 116 fois
  • Le résultat moyen est 32 sur 50
Statistiques - réponses
Personnage Nombre d'apparitions % Correct
3 Héros / Prof Yuei All Might 2 081
100%
1 Seconde A Izuku Midoriya 6 708
100%
2 Seconde A Katuski Bakugo 2 345
99%
5 Seconde A Shoto Todoroki 1 883
99%
8 Héros / Prof Yuei Shota Aizawa 1 256
96%
4 Alliance des Supers Vilains Tomura Shigaraki 1 924
96%
9 Héros Endeavor 1 169
94%
6 Seconde A Ochaco Uraraka 1 642
93%
11 Alliance des Supers Vilains All For One 838
91%
12 Seconde A Denki Kaminari 744
89%
7 Seconde A Tenya Iida 1 289
89%
10 Seconde A Eijiro Kirishima 1 114
88%
20 Seconde A Momo Yaoyorozu 658
86%
12 Alliance des Supers Vilains Dabi 744
83%
17 Alliance des Supers Vilains Himiko Toga 698
83%
16 Seconde A Tsuyu Asui 703
83%
19 Élève Yuei / Big Three Mirio Togata 663
81%
21 Seconde A Minoru Mineta 629
78%
15 Seconde A Fumikage Tokoyami 705
77%
14 Héros Hawks 713
75%
22 Seconde A Mina Ashido 625
75%
27 Vilain / Préceptes de la Mort Overhaul 400
67%
18 Alliance des Supers Vilains Twice 676
63%
23 Seconde A Kyoka Jiro 609
59%
32 Héros / Prof Yuei Present Mic 345
58%
41 Vilain Stain 298
58%
42 Seconde A Koji Koda 285
57%
35 Élève Yuei / Big Three Tamaki Amajiki 321
57%
50 Élève Yuei / Big Three Nejire Hado 190
56%
28 Alliance des Supers Vilains Spinner 392
54%
38 Seconde A Toru Hagakure 305
54%
31 Civile Eri 374
53%
24 Seconde A Yuga Aoyama 573
53%
26 Seconde A Hanta Sero 493
51%
33 Alliance des Supers Vilains Kurogiri 341
49%
34 Seconde A Rikido Sato 327
48%
39 Élève Yuei / Seconde C Générale Hitoshi Shinso 304
46%
30 Seconde A Mashirao Ojiro 380
44%
25 Seconde A Mezo Shoji 504
44%
44 Seconde B Neito Monoma 245
44%
46 Héros Best Jeanist 235
43%
29 Héros Gran Torino 382
42%
47 Vilain / Front de Libération ReDestro 213
40%
43 Héros Fat Gum 258
35%
40 Alliance des Supers Vilains Compress 301
31%
49 Élève Shiketsu Inasa Yoarashi 199
26%
36 Héros Sir Night Eye 308
26%
45 Alliance des Supers Vilains Gigantomakhia 238
23%
36 Vilain Gentle 308
22%
48 Policier Naomasa Tsukauchi 201
22%
Aucun quiz correspondant
Distribution des résultats
% des personnes avec chaque résultat
Percentile par nombre de réponses
Votre historique - résultats
Vous n’avez pas pris ce quiz